| 000 | 00752 a2200193 4500 | ||
|---|---|---|---|
| 020 | _a0335208592 | ||
| 040 |
_aDLC _bDLC |
||
| 082 | 0 | 0 | _a378.0072 |
| 100 | 1 | _aBushaway, Robert W., | |
| 245 | 1 | 0 |
_aManaging research _cRobert W. Bushaway. |
| 260 |
_aPhiladelphia : _bOpen University, _c2003. |
||
| 300 |
_axvi, 245 p. ; _c22 cm. |
||
| 440 | 0 | _aManaging universities and colleges | |
| 650 | 0 |
_aResearch _xManagement _zGreat Britain. |
|
| 856 | 4 | 2 |
_3Publisher description _uhttp://www.loc.gov/catdir/description/mh051/2002035469.html |
| 856 | 4 | 2 |
_3Contributor biographical information _uhttp://www.loc.gov/catdir/bios/mh051/2002035469.html |
| 856 | 4 | 2 |
_3Table of contents _uhttp://www.loc.gov/catdir/toc/mh051/2002035469.html |
| 942 |
_cBK _k378.0072 BUS _2ddc |
||
| 999 |
_c7357 _d7357 |
||